Statistics for Every Red Bull F1 Driver

Click here to take the quiz!

General Stats

  • This quiz has been taken 68 times
    (28 since last reset)
  • The average score is 28 of 34

Answer Stats

TeamDebut with teamNationalityAnswer% Correct
Red Bull2019ThailandAlexander Albon
100%
Toro Rosso2019ThailandAlexander Albon
100%
RB2024AustraliaDaniel Ricciardo
100%
Alpha Tauri2023AustraliaDaniel Ricciardo
100%
Toro Rosso2012AustraliaDaniel Ricciardo
100%
Red Bull2014AustraliaDaniel Ricciardo
100%
Toro Rosso2015NetherlandsMax Verstappen
100%
Red Bull2016NetherlandsMax Verstappen
100%
Red Bull2009GermanySebastian Vettel
100%
Toro Rosso2007GermanySebastian Vettel
100%
RB2024JapanYuki Tsunoda
100%
Alpha Tauri2021JapanYuki Tsunoda
100%
Toro Rosso2015SpainCarlos Sainz
96%
Alpha Tauri2020RussiaDaniil Kvyat
96%
Red Bull2015RussiaDaniil Kvyat
96%
Toro Rosso2014RussiaDaniil Kvyat
96%
Alpha Tauri2023NetherlandsNyck De Vries
96%
Toro Rosso2017FrancePierre Gasly
96%
Red Bull2019FrancePierre Gasly
96%
Alpha Tauri2020FrancePierre Gasly
96%
Red Bull2007AustraliaMark Webber
92%
Red Bull2021MexicoSergio Perez
92%
Alpha Tauri2023New ZealandLiam Lawson
88%
Red Bull2005Great BritainDavid Coulthard
79%
Toro Rosso2017New ZealandBrendon Hartley
63%
Toro Rosso2012FranceJean-Eric Vergne
54%
Toro Rosso2006United StatesScott Speed
54%
Toro Rosso2006ItalyVitantonio Liuzzi
50%
Red Bull2005ItalyVitantonio Liuzzi
50%
Red Bull2006NetherlandsRobert Doornbos
46%
Toro Rosso2009SwitzerlandSebastien Buemi
46%
Red Bull2005AustriaChristian Klien
42%
Toro Rosso2009SpainJaime Alguersuari
42%
Toro Rosso2008FranceSebastien Bourdais
38%

Score Distribution

Percentile by Number Answered

Percent of People with Each Score

Your Score History

You have not taken this quiz since the last reset